000 00743nam a22001817a 4500
999 _c62882
_d62882
003 Ge_BSU
005 20250314154003.0
008 250314s1973 ge ||||| |||| 00| 0 geo d
041 _ageo
080 _a61(479.22)(092) ს-34
100 _aსაყვარელიძე, ს.
_924563
245 _aგაბრიელ გოკიელი :
_b[ექიმის ცხოვრება-მოღვაწეობაზე]. /
_cს. საყვარელიძე.
264 _aთბ. :
_b საბჭ. საქართველო,
_c1973.
300 _a33გვ. :
_b ილ. ;
_c21სმ.
653 _aქართველი ექიმები
653 _aმედიცინა
942 _2udc
_cᲬᲘᲒᲜᲘ